Reflexiones metodológicas
Guardado en:
| Hovedforfatter: | |
|---|---|
| Format: | Bog |
| Sprog: | Spanish |
| Fag: | |
| Tags: |
Tilføj Tag
Ingen Tags, Vær først til at tagge denne postø!
|
MARC
| LEADER | 00000nam a22000007a 4500 | ||
|---|---|---|---|
| 003 | cru CIDCACS/IIS | ||
| 005 | 20200220162631.0 | ||
| 008 | 181211b2018 mx ||||| |||| 00| 0 spa d | ||
| 999 | |c 41980 |d 41980 | ||
| 040 | |c cru CIDCACS/IIS | ||
| 090 | |a 05.03.07 B294d | ||
| 100 | 1 | |9 8112 |a Baartra, Eli | |
| 245 | |a Reflexiones metodológicas |c Eli Bartra | ||
| 300 | |a páginas 141-184 | ||
| 650 | 0 | |9 4509 |a ANALISIS DE GENERO | |
| 650 | 0 | |9 4509 |a ANALISIS DE GENERO | |
| 650 | 0 | |9 111 |a FEMINISMO | |
| 942 | |2 lcc |c LI | ||
| 773 | 0 | |0 108 |9 2512 |a Bartra, Eli |b 2 |d Distrito Federal: PUEG |o 03737 |t Debates en torno a una metodología feminista / |w (cru CIDCACS/IIS)36081 |z 970-32-0311-6 | |



